000 00270nam a22001097a 4500
008 170119b xxu||||| |||| 00| 0 eng d
020 _a9781416056591
041 _aeng
080 _a618.2
245 _aSUCCESS IN PRACTICAL/ VOCATIONAL NURSING
_cHOWLET, H
942 _2udc
_cBK
999 _c3173
_d3173